[Event "HUN-ch Rapid 2020"]
[Site "Ajka"]
[Date "2020.07.18"]
[Round "7.25"]
[White "Pasztor, Ferenc"]
[Black "Forgacs, Attila Jr."]
[Result "1-0"]
[WhiteElo "2231"]
[BlackElo "2111"]
[Annotator "TA"]
[PlyCount "109"]
[EventDate "2020.07.17"]
[EventType "swiss"]
[EventCountry "HUN"]
[SourceTitle "playchess.com"]
[Source "ChessBase"]
[SourceQuality "1"]

{[%evp 17,109,14,14,6,43,33,34,45,77,-15,-20,-28,39,8,14,10,26,11,80,60,50,58,58,45,54,48,55,47,62,28,59,65,111,54,55,43,71,85,443,438,360,412,751,367,347,253,249,142,427,177,177,177,241,179,183,179,195,195,195,195,346,226,220,223,216,219,298,296,29975,29976,29976,29977,29977,29978,29978,29979,29959,1045,1522,1280,1678,1671,1664,1664,1642,1587,1566,1222,942,5941,5612,5398,5179,1436]} 1. d4 Nf6 2. Nf3 g6 3. c4 Bg7 4. Nc3 O-O 5. e4 d6 6. Be2 Nbd7 7. Bg5 h6 8. Bh4 g5 9. Bg3 Nh5 10. Qd2 {E91: King's Indian: Classical: 6 Be2, unusual replies including 6...c5 and 6...Bg4.} e5 11. dxe5 {[#]} Nxg3 $146 ({Predecessor:} 11... dxe5 12. Bxe5 Nxe5 13. Qxd8 Rxd8 14. Nxe5 Nf4 15. Nf3 Nxg2+ 16. Kf1 Bh3 17. Kg1 g4 {0-1 (31) Van 't Hof,E (2050)-Termeulen,A (2095) Leiden 2015}) 12. hxg3 {White is slightly better.} dxe5 13. Nh2 (13. O-O-O $16) 13... Nf6 $11 14. O-O-O Be6 (14... Qxd2+ $11 15. Rxd2 Be6) 15. Qe3 (15. Qc2 $5 {[%cal Rd1d8]} Qc8 16. Nd5 $14) 15... Qe7 16. Nd5 $36 {[%mdl 2048] Black is under pressure.} Bxd5 $1 17. cxd5 Qd6 (17... c6 $11) 18. Ng4 Nxg4 19. Bxg4 c6 20. Rd2 Rfd8 {[%cal Rc6d5]} 21. Rhd1 cxd5 22. Rxd5 Qc7+ 23. Qc3 Qxc3+ 24. bxc3 Bf6 25. Rc5 ({Better is} 25. Rd7 $1 $16) 25... Rxd1+ $14 26. Kxd1 {[%mdl 4096] Endgame KRB-KRB} Re8 27. Rc7 Re7 $2 {[%mdl 8192]} (27... Rb8 $16 {is a better chance.}) 28. Bd7 $1 $18 b6 29. Rxa7 Kg7 (29... h5 $142 30. c4 Bg7) 30. Kc2 (30. c4 $142) 30... g4 31. Rb7 Bg5 {[#]} 32. a4 ({White should try} 32. c4 $1 $18 {[%cal Rc4c5]} f5 33. exf5) 32... h5 $2 {[%mdl 8192] This costs Black the game.} (32... f5 $16) 33. Kd3 (33. c4 $142) 33... Bc1 {[#]} 34. Kc4 $1 Bd2 (34... f5 $142 35. exf5 Bd2 36. f6+ Kxf6) 35. f3 gxf3 36. gxf3 Be1 37. Kb5 {Black must now prevent c4.} Bxc3 38. Kxb6 {a5 is the strong threat.} Be1 $2 (38... f5 39. exf5 Bd4+ 40. Kc6 Bf2) 39. g4 h4 {And now ...h3 would win.} 40. g5 Bd2 {Now ...f6 and Black clings on.} 41. Kc6 Bxg5 42. a5 Kf6 $2 (42... Be3 $18 43. a6 h3) 43. a6 Be3 44. a7 Bxa7 45. Rxa7 {KRB-KR} h3 46. Ra2 Kg5 47. Bxh3 (47. Kd6 $142 Rxd7+ 48. Kxd7 Kh4 49. Kd6 f6 50. Ke6 Kg3 51. Kxf6 Kf4 52. Ke6 Kxf3 53. Kxe5) 47... Kf4 {White is clearly winning.} 48. Bg4 f6 49. Kd6 Rh7 50. Ke6 Rh6 51. Kf7 Kg5 52. Bf5 Rh1 53. Rg2+ Kf4 54. Kxf6 Kxf3 55. Rg4 {Accuracy: White = 63%, Black = 46%.} 1-0

[Event "HUN-ch Rapid 2020"]
[Site "Ajka"]
[Date "2020.07.18"]
[Round "8.1"]
[White "Czebe, Attila"]
[Black "Erdos, Viktor"]
[Result "1/2-1/2"]
[WhiteElo "2367"]
[BlackElo "2618"]
[Annotator "TA"]
[PlyCount "23"]
[EventDate "2020.07.17"]
[EventType "swiss"]
[EventCountry "HUN"]
[SourceTitle "playchess.com"]
[Source "ChessBase"]
[SourceQuality "1"]

{[%evp 9,23,6,9,9,14,11,21,8,16,15,12,0,6,7,8,-28]} 1. Nf3 d5 2. b3 Bg4 3. e3 e5 4. h3 Bxf3 5. Qxf3 e4 {The position is equal.} 6. Qd1 {A06: Réti Opening: 1 Nf3 d5.} Nd7 7. Bb2 Ngf6 8. d3 Bb4+ 9. Nd2 {[#]} c6 $146 ({Predecessor:} 9... O-O 10. Be2 Qe7 11. O-O h6 12. a3 Bd6 13. dxe4 dxe4 14. Nc4 Be5 15. Nxe5 Nxe5 {0-1 (57) Bloemhard,R-Comp Arthur The Hague 1997}) 10. Be2 O-O 11. a3 Ba5 12. Bf1 {Not much happened in this game. Accuracy: White = 85%, Black = 100%.} 1/2-1/2

[Event "HUN-ch Rapid 2020"]
[Site "Ajka"]
[Date "2020.07.18"]
[Round "8.2"]
[White "Antal, Gergely"]
[Black "Kantor, Gergely"]
[Result "1/2-1/2"]
[WhiteElo "2571"]
[BlackElo "2530"]
[Annotator "TA"]
[PlyCount "37"]
[EventDate "2020.07.17"]
[EventType "swiss"]
[EventCountry "HUN"]
[SourceTitle "playchess.com"]
[Source "ChessBase"]
[SourceQuality "1"]

{[%evp 16,37,0,-14,0,0,2,0,19,0,0,0,0,0,18,0,0,-12,-16,-25,-30,-31,0,-3]} 1. e4 e5 2. Nc3 Nf6 3. g3 d5 4. exd5 Nxd5 5. Bg2 Nxc3 6. bxc3 Nc6 7. Nf3 Bc5 8. O-O O-O 9. d3 Bb6 {C47: Scotch Four Knights and Four Knights with 4 g3.} 10. a4 Re8 11. Nd2 Be6 {[#]} 12. Nb3 $146 {Hoping for a5.} ({Predecessor:} 12. Qh5 g6 13. Qh6 Bc5 14. Rb1 Bf8 15. Qe3 Ne7 16. Ne4 Nd5 17. Qf3 f5 18. Ng5 Nxc3 19. Nxe6 Rxe6 {1-0 (39) Acs,P (2548)-Balog,I (2403) Hungary 2008}) 12... Na5 13. Nxa5 Bxa5 14. c4 c6 15. Rb1 Qd7 16. Be3 Bg4 17. Bf3 Bh3 18. Bg2 Bg4 19. Bf3 {An uneventful encounter. Accuracy: White = 100%, Black = 90%.} 1/2-1/2

[Event "HUN-ch Rapid 2020"]
[Site "Ajka"]
[Date "2020.07.18"]
[Round "8.3"]
[White "Balogh, Csaba"]
[Black "Kozak, Adam"]
[Result "0-1"]
[WhiteElo "2580"]
[BlackElo "2503"]
[Annotator "TA"]
[PlyCount "120"]
[EventDate "2020.07.17"]
[EventType "swiss"]
[EventCountry "HUN"]
[SourceTitle "playchess.com"]
[Source "ChessBase"]
[SourceQuality "1"]

{[%evp 11,120,13,14,8,0,9,10,4,12,9,22,0,0,9,7,0,0,0,7,9,10,-106,-119,-120,-112,-120,-124,-122,-119,-122,-118,-106,-85,-130,-130,-210,-201,-215,-217,-208,-176,-210,-141,-134,-134,-150,-132,-144,-139,-222,-224,-369,-369,-346,-224,-200,-200,-316,-316,-316,-316,-298,-302,-358,-316,-316,-298,-368,-354,-520,-520,-468,-474,-470,-393,-513,-375,-502,-488,-1892,-1747,-4842,-2635,-2057,-1634,-29961,-29959,-29962,-8808,-4140,-2365,-29967,-29968,-29968,-29969,-29969,-29970,-29970,-29971,-29971,-29972,-29972,-29971,-29971,-29971,-29959,-29962,-29985,-29986,-29985,-29986]} 1. e4 e5 2. Nf3 Nc6 3. Bb5 Nf6 4. d3 Bc5 5. O-O Nd4 6. Nxd4 Bxd4 7. c3 {C65: Ruy Lopez: Berlin Defence (3...Nf6), unusual lines and 4 0-0 Bc5.} Bb6 8. Na3 c6 9. Ba4 {The position is equal.} d6 10. Bb3 Bg4 11. Qe1 {[#]} Be6 $146 ({Predecessor:} 11... Nh5 12. Nc4 O-O 13. Nxb6 axb6 14. Be3 b5 15. Qd2 Qf6 16. a3 Qg6 17. f4 exf4 18. Bxf4 Nxf4 19. Rxf4 {1-0 (24) Narayanan,S (2454)-Laxman,R (2376) Goa 2015}) 12. Bxe6 fxe6 13. Be3 O-O 14. Nc2 {[%cal Ba3c2,Bc2e3,Be3c4][%mdl 32]} Ng4 15. Bxb6 Qxb6 16. Rb1 {[#]} (16. Qe2 $11 {keeps the balance.} Nf6 17. Rab1) 16... Rxf2 $1 $17 {[%mdl 512]} 17. Rxf2 {Black must now prevent h3.} Rf8 {[%cal Rf8f2][%mdl 64] Pin} 18. Ne3 Nxf2 19. Nc4 Qd8 {...b5 is the strong threat.} 20. Qe2 {Threatening Rf1.} Qg5 {aiming for ...Nh3+.} 21. Rf1 Nh3+ $1 22. Kh1 Nf4 23. Qd2 (23. Qc2 $17 {was called for.}) 23... d5 $19 24. Na5 {[#]} Qd8 $1 $40 {[%cal Rd8a5][%mdl 128] Black has strong attack.} 25. Nb3 dxe4 26. dxe4 Qxd2 27. Nxd2 Nd3 28. Rxf8+ Kxf8 $17 {[%mdl 4096] Endgame KN-KN} 29. b4 Ke7 30. Kg1 {[#]} (30. g3 $17) 30... Nc1 $1 $19 31. Kf2 (31. a3 $142) 31... Nxa2 32. Nb1 Nc1 33. Ke3 {[#] intending Kd2.} a5 $1 34. Kd2 (34. bxa5 $142 Nb3 35. Kd3) 34... Nb3+ 35. Kc2 a4 36. Na3 b5 37. Kd3 Kd6 38. Kc2 Kc7 39. Nb1 c5 40. Kd3 (40. Kb2 {was worth a try.}) 40... Kc6 41. Na3 cxb4 42. cxb4 Nd4 43. Ke3 Kd6 44. Kd3 Ke7 45. h4 {[#]} (45. Ke3 $142 Kf6 46. Kf2) 45... g5 $1 46. hxg5 Kf7 47. Ke3 Kg6 48. g3 Kxg5 49. Kf2 Kg4 50. Kg2 h5 51. Kf2 Kh3 {Black mates.} 52. Nb1 Nc2 53. Nc3 Nxb4 54. Nxb5 Nc2 55. Nc3 a3 {[%cal Ba4a3,Ba3a2][%mdl 32]} 56. Na2 Nd4 57. Nc3 Nb3 58. Na2 Nd2 59. Nc3 {[#]} Nxe4+ $1 {[%mdl 576] Deflection, Promotion} 60. Nxe4 a2 {Accuracy: White = 51%, Black = 90%.} 0-1

[Event "HUN-ch Rapid 2020"]
[Site "Ajka"]
[Date "2020.07.18"]
[Round "8.5"]
[White "Bagi, Mate"]
[Black "Balog, Imre"]
[Result "1-0"]
[WhiteElo "2478"]
[BlackElo "2567"]
[Annotator "TA"]
[PlyCount "119"]
[EventDate "2020.07.17"]
[EventType "swiss"]
[EventCountry "HUN"]
[SourceTitle "playchess.com"]
[Source "ChessBase"]
[SourceQuality "1"]

{[%evp 9,119,22,29,47,52,16,42,36,43,33,34,20,90,90,72,92,91,93,89,103,136,81,58,72,73,58,75,58,77,35,75,18,32,26,15,0,0,0,0,-11,-11,-17,-20,-41,-37,-39,-16,-18,0,0,0,0,0,0,0,-8,12,12,43,0,21,23,25,9,7,0,0,0,30,0,0,0,0,0,0,0,0,0,0,0,0,0,0,0,0,0,0,0,173,0,730,725,693,693,686,686,715,556,5431,6578,29944,5696,29969,29954,29969,29970,29969,29969,29967,4779,4779,306]} 1. e4 e6 2. d4 d5 3. Nc3 Nc6 4. Nf3 Nf6 5. Bd3 Bb4 6. O-O {C10: French with 3 Nc3: Unusual Black 3rd moves and 3...dxe4.} Bxc3 7. exd5 exd5 8. bxc3 {White is slightly better.} O-O 9. h3 Re8 10. Re1 Ne4 (10... h6 $11) 11. c4 $16 Bf5 12. cxd5 Qxd5 13. c4 Qd7 14. Bb2 {[#]} Nd6 $146 ({Predecessor:} 14... f6 15. Nh4 Nd6 16. Nxf5 Nxf5 17. d5 Rxe1+ 18. Qxe1 Re8 19. Qb1 Nce7 20. Qc2 c5 {1-0 (41) Rajala,O (2013)-Saharinen,P (1844) ICCF email 2018}) 15. Bf1 ({White should play} 15. d5 Nb4 16. Rxe8+ Rxe8 17. Bxf5 Nxf5 18. g4) 15... Rxe1 16. Qxe1 Re8 17. Qd2 f6 18. d5 Nd8 19. Nd4 Bg6 20. Re1 ({Better is} 20. Qa5 $16) 20... c5 {[#] Strongly threatening ...Rxe1.} 21. dxc6 Nxc6 22. Nb3 Rxe1 23. Qxe1 Bf7 24. c5 {Threatens to win with Qd1.} Nc4 25. Bc3 N4e5 26. Qd2 Qxd2 27. Bxd2 Nd7 28. Be3 Nb4 29. Bb5 Nxa2 30. Bxd7 {Black must now prevent Na5.} Bxb3 $11 {[%mdl 4096] Endgame KBB-KBN} 31. Bd2 Kf7 32. f4 Be6 33. Bb5 Ke7 34. g4 {[%mdl 1024] White has compensation.} Kd8 35. Kf2 Kc7 36. f5 Bf7 $1 37. Bf4+ Kd8 38. Bd2 b6 39. c6 Bd5 40. Ke3 {With the idea Kd4.} a5 $1 41. Kd4 Bg2 42. Bf4 $1 Nb4 43. c7+ Kc8 44. Bd6 Nc6+ 45. Ke3 {Ba6+ is the strong threat.} Na7 46. Bc4 Bxh3 47. Be6+ Kb7 48. Bd5+ Ka6 $2 {[#]} (48... Kc8 $1 $11) 49. Be6 $2 (49. Bf8 $1 $18) 49... Bxg4 $2 {[%mdl 8192]} (49... Kb7 $11) 50. c8=Q+ Nxc8 51. Bxc8+ Kb5 52. Bf8 a4 53. Kf4 h5 54. Bxg7 Kc6 55. Bxf6 b5 56. Bc3 Bxf5 57. Bxf5 Kc5 58. Ke3 b4 59. Bd4+ (59. Bf6 $142 Kd5 60. Kd3 Kc6 61. Kc4 Kd6 62. Kxb4 Kc6 63. Kxa4 Kc5 64. Kb3) 59... Kc4 60. Be6+ {Accuracy: White = 84%, Black = 68%.} 1-0

[Event "HUN-ch Rapid 2020"]
[Site "Ajka"]
[Date "2020.07.18"]
[Round "8.6"]
[White "Nagy, Gabor"]
[Black "Mihok, Oliver"]
[Result "1/2-1/2"]
[WhiteElo "2502"]
[BlackElo "2552"]
[Annotator "TA"]
[PlyCount "36"]
[EventDate "2020.07.17"]
[EventType "swiss"]
[EventCountry "HUN"]
[SourceTitle "playchess.com"]
[Source "ChessBase"]
[SourceQuality "1"]

{[%evp 17,23,0,18,15,9,15,10,-8]} 1. c4 c5 2. Nc3 Nc6 3. g3 g6 4. Bg2 Bg7 5. e3 e5 6. Nge2 Nge7 7. O-O O-O 8. d3 d6 9. a3 Be6 {The position is equal.} 10. Nd5 {A36: Symmetrical English vs ...g6: 4 Bg2 Bg7.} Rb8 11. Nec3 a6 12. b4 {[#] An uneventful encounter.} {Predecessor:} e4 $146 13. Rb1 exd3 14. Qxd3 Ne5 15. Qe2 Bf5 16. Nxe7+ Qxe7 17. Nd5 Qd7 18. e4 Bg4 {½-½ (38) Reshetnikov,A (2492)-Tregubov,P (2589) Moscow 2017} 1/2-1/2

[Event "HUN-ch Rapid 2020"]
[Site "Ajka"]
[Date "2020.07.18"]
[Round "8.7"]
[White "Papp, Gabor"]
[Black "Kiss, Pal"]
[Result "1/2-1/2"]
[WhiteElo "2602"]
[BlackElo "2266"]
[Annotator "TA"]
[PlyCount "114"]
[EventDate "2020.07.17"]
[EventType "swiss"]
[EventCountry "HUN"]
[SourceTitle "playchess.com"]
[Source "ChessBase"]
[SourceQuality "1"]

{[%evp 10,114,31,33,24,22,26,29,46,36,75,72,76,32,51,68,79,56,79,91,77,68,56,40,25,0,0,0,0,-44,-43,-42,0,0,0,0,-7,-21,-19,-20,-23,-15,0,0,0,0,0,0,0,-16,0,-5,0,0,0,0,0,0,0,0,0,0,0,0,0,0,0,0,0,0,0,0,0,0,0,0,0,-10,0,-12,0,0,0,-2,0,-19,0,0,0,-12,-12,-16,0,-9,-9,-9,-1,-9,0,-9,0,-9,0,-9,0,-9,0]} 1. e4 c5 2. Nf3 Nc6 3. Bb5 e6 4. O-O Nge7 5. d4 cxd4 6. Nxd4 Nxd4 {B30: Sicilian: 2...Nc6 3 Bb5, lines without ...g6.} 7. Qxd4 a6 8. Be2 Nc6 {White has an edge.} 9. Qc3 Qf6 10. Qxf6 gxf6 {[#]} 11. b3 $146 ({Predecessor:} 11. Be3 b6 12. c3 Bc5 13. Bh6 Bf8 14. Bf4 Bb7 15. Nd2 Ne5 16. Rfd1 Rg8 17. f3 {0-1 (79) Benjamin,J (2524)-Christiansen,L (2574) Saint Louis 2019}) 11... Bg7 12. Bb2 O-O 13. Nd2 b5 14. a4 Rb8 15. axb5 axb5 16. f4 Rd8 17. Bf3 Nb4 18. Rfc1 Bb7 19. Ba3 Bf8 20. Bb2 Bg7 21. Ra5 Ba8 $1 22. Be2 d5 23. e5 (23. Bc3 {is interesting.} Nxc2 24. Rxc2 d4 25. Rxb5 Rxb5 26. Bxb5 dxc3 27. Rxc3 f5 28. e5) 23... fxe5 24. Bxe5 Bxe5 25. fxe5 Nc6 {The position is equal.} 26. Rxb5 Rxb5 27. Bxb5 Nxe5 28. Re1 f6 29. Ra1 Bc6 30. Bf1 (30. Bxc6 {looks sharper.} Nxc6 31. Ra6 Rc8 32. Kf2 Kf7 33. c4) 30... Ra8 31. Rxa8+ Bxa8 $11 {[%mdl 4096] Endgame KBN-KBN} 32. c3 Kf7 33. Kf2 Ke7 34. b4 Kd6 35. Nb3 Bc6 36. Be2 Nf7 37. h4 e5 38. g4 h6 39. Ke3 Nd8 40. Ba6 Bb7 41. Be2 Ne6 42. Bf1 Bc6 43. Be2 Ba4 44. Nd2 Bc6 45. Bf1 Nf4 46. Nf3 Ne6 47. Ba6 Nc7 48. Be2 Ne6 49. Nd2 Nf4 50. Bf3 Ng6 51. h5 Nf4 52. Nf1 Bd7 53. Ng3 Nh3 54. Be2 Ng5 55. Bd1 Nf7 56. Be2 Ng5 57. Bd1 Nf7 {Accuracy: White = 93%, Black = 96%.} 1/2-1/2

[Event "HUN-ch Rapid 2020"]
[Site "Ajka"]
[Date "2020.07.18"]
[Round "8.8"]
[White "Nemeth, Gergely"]
[Black "Aczel, Gergely"]
[Result "0-1"]
[WhiteElo "2133"]
[BlackElo "2511"]
[Annotator "TA"]
[PlyCount "56"]
[EventDate "2020.07.17"]
[EventType "swiss"]
[EventCountry "HUN"]
[SourceTitle "playchess.com"]
[Source "ChessBase"]
[SourceQuality "1"]

{[%evp 11,56,12,16,10,13,11,25,0,19,25,32,38,34,-34,-27,-33,-37,-38,-39,-22,-29,-58,0,0,0,0,14,8,0,-141,-143,-285,-292,-329,-331,-363,-363,-428,-420,-527,-532,-506,-500,-925,-910,-966,-955]} 1. e4 c5 2. Nf3 d6 3. d4 cxd4 4. Nxd4 Nf6 5. Nc3 a6 6. h3 b5 7. g4 {B90: Sicilian Najdorf: Unusual White 6th moves, 6 Be3 Ng4 and 6 Be3 e5.} Bb7 8. Bg2 Nc6 {now supersedes 8...e6.} 9. O-O {Threatening e5!White has an edge.} Rc8 10. a4 b4 11. Nd5 e6 {[#]} 12. Re1 $146 ({Better is} 12. Nxc6 $14 Bxc6 13. Re1 (13. Nxb4 Bxe4 14. a5 Bxg2 $11)) ({Predecessor:} 12. g5 exd5 13. gxf6 Qxf6 14. Nxc6 Bxc6 15. exd5 Bd7 16. Re1+ Be7 17. Bd2 O-O 18. Bxb4 {1-0 (26) Nestorovic,N (2476)-Brattain,M (2402) Charlotte 2018}) 12... Nxd4 $15 13. Qxd4 exd5 14. exd5+ Be7 15. g5 Nh5 {...0-0 is the strong threat.} 16. Qxb4 Rc7 (16... Rb8 $15 17. Qe4 Bc8) 17. Be3 $11 O-O 18. Bb6 {Hoping for Bf3.} Qd7 19. Bxc7 Qxc7 20. Qg4 (20. Bf3 $11) 20... g6 $17 {[%mdl 1024] Black has strong compensation.} 21. c4 (21. Ra3 $17 {was worth a try.}) 21... Bc8 $19 22. Qh4 {[#]} h6 $1 {[%mdl 512]} 23. Qe4 (23. gxh6 Bxh4) 23... Bxg5 24. b4 Bf5 25. Qe2 Nf4 {Black is clearly winning.} 26. Qa2 Nd3 27. Be4 (27. Qb3 $142 Bf6 28. Bf1 Nxe1 29. Rxe1) 27... Nxe1 28. Bxf5 Nf3+ {Accuracy: White = 45%, Black = 94%.} 0-1

[Event "HUN-ch Rapid 2020"]
[Site "Ajka"]
[Date "2020.07.18"]
[Round "8.9"]
[White "Havanecz, Bianka"]
[Black "Kaczur, Florian"]
[Result "0-1"]
[WhiteElo "2251"]
[BlackElo "2507"]
[Annotator "TA"]
[PlyCount "102"]
[EventDate "2020.07.17"]
[EventType "swiss"]
[EventCountry "HUN"]
[SourceTitle "playchess.com"]
[Source "ChessBase"]
[SourceQuality "1"]

{[%evp 12,102,0,-1,-6,0,-10,-12,0,-60,-52,-57,-24,-35,0,-10,0,-4,0,-4,-8,-20,-20,-40,-16,-21,-8,-20,-22,-30,0,-12,0,-45,-42,-38,-41,-38,-50,-69,-75,-72,-79,-66,-66,-91,-72,-96,-133,-185,-170,-172,-169,-297,-208,-202,-216,-189,0,0,0,0,24,8,36,32,28,22,29,18,21,8,12,1,3,9,9,0,11,0,31,-62,-59,-68,-52,-130,-130,-130,-100,-530,-527,-793,-790]} 1. d4 d6 2. c4 e5 3. Nc3 exd4 4. Qxd4 Nc6 5. Qd2 Nf6 6. g3 Be6 7. Nd5 g6 {A21: English Opening: 1...e5 2 Nc3.} 8. Bg2 Bg7 9. Nh3 Ne5 {[#] The position is equal.} 10. Qb4 $146 (10. Nhf4 $11) ({Predecessor:} 10. Qc2 c6 11. Ne3 Nfg4 12. Nxg4 Bxg4 13. Nf4 g5 14. Nd3 Be6 15. Nxe5 dxe5 16. Be4 {½-½ (38) Dinstuhl,V (2410)-Fridman,R (2309) Essen Borbeck 1999}) 10... c6 $15 11. Ne3 O-O 12. Nf4 Qc7 13. O-O a5 14. Nxe6 fxe6 ({Much worse is} 14... axb4 $6 15. Nxc7 Rac8 16. Bd2 $16 (16. f4 Ned7 $16)) 15. Qd2 d5 16. cxd5 exd5 17. b3 Rae8 18. Ba3 Rf7 19. Rac1 {[%cal Re3d5] next Nxd5! is good for White.} Qd8 20. Bb2 Rfe7 21. Ba3 Rf7 22. h3 Bh6 {Strongly threatening ...d4.} 23. Bc5 Ned7 {[%cal Be5d7,Bd7f6,Bf6h5][%mdl 32]} 24. Bd4 Ne4 25. Bxe4 Rxe4 26. f4 Bg7 $36 {[%mdl 2048] Black is on the roll.} 27. Bxg7 Rxg7 28. Ng4 ({But not} 28. Nxd5 $2 Nb6 $19) 28... Nf6 29. Nf2 Re8 30. Rc5 (30. Rc3 $17) 30... Rge7 $19 31. Re1 Re3 32. Kg2 (32. Rc3 {might work better.} d4 33. Rd3) 32... Nh5 33. Rc3 d4 34. Rd3 {[#]} c5 $2 (34... Nxg3 $1 $19 35. Rxd4 Qb8) 35. Ng4 $11 R3e7 36. Rf3 Rf8 37. Qd3 Ng7 (37... Kh8 {looks sharper.} 38. e4 b6 39. Re2 Qd7 40. Rff2 Qe8) 38. e4 dxe3 39. Rexe3 Qxd3 40. Rxd3 Nf5 41. Rf2 Nd4 42. h4 Kg7 43. Ne5 b6 44. Rb2 Rfe8 45. a3 Nb5 46. b4 (46. Nc4 $14) 46... cxb4 $15 47. axb4 a4 {[%cal Ba5a4,Ba4a3,Ba3a2][%mdl 32]} 48. Rd5 ({White should play} 48. Rc2 $15) 48... Nc3 $17 49. Rd3 a3 50. Rc2 $2 {[%mdl 8192] [#]} (50. Rb3 $17 {is a better chance.} Nb5 51. Rxa3 Nxa3 52. Rxa3) 50... a2 $19 51. Rc1 Nb1 {Accuracy: White = 64%, Black = 75%.} 0-1

[Event "HUN-ch Rapid 2020"]
[Site "Ajka"]
[Date "2020.07.18"]
[Round "8.10"]
[White "Ruck, Robert"]
[Black "Pasztor, Ferenc"]
[Result "1-0"]
[WhiteElo "2540"]
[BlackElo "2231"]
[Annotator "TA"]
[PlyCount "139"]
[EventDate "2020.07.17"]
[EventType "swiss"]
[EventCountry "HUN"]
[SourceTitle "playchess.com"]
[Source "ChessBase"]
[SourceQuality "1"]

{[%evp 21,139,60,66,65,72,75,65,47,83,69,64,38,41,31,47,36,37,31,37,43,35,44,62,59,60,68,70,75,113,113,116,107,109,116,113,116,119,108,118,101,118,108,102,100,101,67,104,102,109,111,113,108,112,113,153,156,154,154,171,139,151,149,193,101,191,155,175,120,124,114,116,116,108,102,149,156,142,144,213,234,219,227,208,211,201,169,212,201,233,223,261,234,385,376,358,359,425,404,452,399,454,455,655,451,422,416,650,627,597,482,1439,1416,866,929,29967,29970,29982,29983,29970,1912]} 1. Nf3 Nf6 2. c4 c5 3. Nc3 Nc6 4. g3 g6 5. Bg2 Bg7 6. d4 cxd4 7. Nxd4 O-O 8. O-O Ng4 9. e3 Nge5 10. b3 d6 11. h3 a6 12. Bb2 {A39: Symmetrical English vs ...g6: 4 Bg2 Bg7 5 Nf3 Nf6 6 0-0 0-0 7 d4.} Bd7 {[#]} 13. Rb1 $146 ({Predecessor:} 13. Kh2 Re8 14. f4 Nxd4 15. exd4 Nc6 16. d5 Nd4 17. Qd2 b5 18. Ne4 Qb6 19. Qf2 Qa7 {0-1 (33) Magalashvili,D (2456)-Mchedlishvili,M (2570) playchess.com 2020}) 13... Rb8 14. Nde2 {aiming for f4.White is slightly better.} Na7 {[%cal Bc6a7,Ba7b5,Bb5d4][%mdl 32]} 15. f4 Nec6 16. Nd5 {[%cal Bc3d5,Bd5e3,Be3c4][%mdl 32]} Bxb2 17. Rxb2 b5 18. cxb5 Nxb5 19. e4 e6 20. Ne3 Qb6 21. Qd2 Ncd4 22. Kh2 Nxe2 23. Qxe2 Nd4 24. Qd2 Qb4 25. Nc4 Qc5 26. Rd1 e5 27. fxe5 {[%mdl 64] Remove Defender} dxe5 {[#]} 28. Nxe5 $1 {[%mdl 576] Remove Defender} Qxe5 29. Qxd4 Qxd4 30. Rxd4 Be6 31. Ra4 Rb6 32. Bf1 Ra8 33. Rc2 Bd7 34. Rd4 Bb5 35. Bg2 Ra7 36. Kg1 Kg7 37. Kf2 Rd7 38. Rxd7 Bxd7 $16 {[%mdl 4096] Endgame KRB-KRB} 39. Rc5 Bb5 40. Ke3 Rd6 41. Rd5 Rf6 42. Bf3 (42. e5 $18 Re6 43. Rc5) 42... Bf1 (42... Rc6 $16 {was worth a try.}) 43. h4 Rc6 44. Kf2 (44. e5 $18) 44... Bh3 45. Ra5 Rc2+ 46. Ke3 Rc3+ 47. Kf4 Bf1 48. e5 h6 49. Bb7 g5+ (49... Rc7 $16 {was called for.}) 50. hxg5 $18 hxg5+ 51. Kxg5 Rxg3+ 52. Kf4 Rg6 53. Be4 Rb6 54. Bd5 Rb4+ 55. Ke3 Kg6 56. Rc5 Rh4 $2 (56... Bb5 {might work better.} 57. a4 Bd7) 57. Be4+ Kg7 58. Rc7 Kf8 59. Bd5 Rh7 60. Ra7 Bb5 61. a4 Bf1 62. Kf2 Bd3 63. b4 Rg7 (63... Rh5 $142 64. Rxf7+ Ke8) 64. Ke3 Bf1 65. Rb7 Rh7 (65... Bh3 $142 66. b5 axb5) 66. b5 axb5 67. axb5 {[%cal Ba4b5,Bb5b6][%mdl 32]} Ke8 68. b6 {White mates.} Ba6 69. Ra7 Bc8 70. Ke4 {Accuracy: White = 82%, Black = 55%.} (70. Bc6+ $142 Kf8 {[#]} 71. Ra8 $1 {[%mdl 512]} Rh3+ 72. Kd4 Kg7 73. Rxc8 Rb3 74. b7 Rb6 75. b8=Q) 1-0

[Event "HUN-ch Rapid 2020"]
[Site "Ajka"]
[Date "2020.07.18"]
[Round "8.11"]
[White "Csonka, Balazs"]
[Black "Terbe, Julianna"]
[Result "1/2-1/2"]
[WhiteElo "2498"]
[BlackElo "2273"]
[Annotator "TA"]
[PlyCount "73"]
[EventDate "2020.07.17"]
[EventType "swiss"]
[EventCountry "HUN"]
[SourceTitle "playchess.com"]
[Source "ChessBase"]
[SourceQuality "1"]

{[%evp 20,73,18,14,25,12,14,14,19,-27,14,-10,12,-7,0,-16,0,-20,-10,-19,0,-8,-13,-37,-24,-52,8,11,12,20,17,-6,17,16,41,0,0,0,109,107,108,103,97,23,33,31,28,32,57,35,61,0,10,0,0,0]} 1. d4 d5 2. Nf3 Nf6 3. c4 c6 4. Qc2 g6 5. Bf4 Bg7 6. e3 O-O 7. Nc3 Bf5 8. Qb3 Qb6 9. c5 Qxb3 10. axb3 Nbd7 11. b4 {was the old line (11.h3).} a6 {D11: Slav Defence: 3 Nf3 sidelines and 3...Nf6 4 e3 Bg4.} 12. h3 Rfe8 13. Bh2 h6 {[#]} 14. Ne5 $146 ({Predecessor:} 14. Be2 g5 15. O-O Ne4 16. Nxe4 dxe4 17. Nd2 e5 18. Nc4 exd4 19. exd4 Bf8 20. Na5 {0-1 (52) Deak,L (2129)-Toth,P (2166) Hungary 2003}) 14... g5 15. f3 Nf8 16. Rd1 e6 17. g4 Bh7 18. Bd3 Bxd3 19. Nxd3 N6d7 20. Kf2 Ng6 21. Nc1 e5 22. Nb3 Re7 (22... exd4 $15 23. Nxd4 a5) 23. e4 $11 dxe4 24. Nxe4 Nf6 25. Ng3 Nd5 26. Nf5 Re6 27. Nxg7 Kxg7 28. dxe5 Nxe5 (28... Ngf4 $11 {remains equal.}) 29. Nd4 $16 Ree8 30. Nf5+ Kf6 31. Nxh6 (31. Nd6 $16) 31... Nc4 $11 32. Nf5 Nxb2 33. Rd4 Na4 34. h4 gxh4 35. Bd6 ({White should play} 35. Nd6 $14) 35... Nac3 36. Rxh4 {[#] Black must now prevent Rh6+.} Rh8 37. Bg3 {Accuracy: White = 80%, Black = 81%.} 1/2-1/2